000 00743cab a2200241 4500
001 WB3411-50
008 090401t1998 xxu||||| |||| 00| 0 eng d
035 _a(Sirsi) u84979
041 _aeng
245 _aSpending boom
260 _c1998
350 _a0
490 _aNew Civil Engineer
_v(1256) 12 March 1998, 5(1)
520 _aChina`s decision to inject £625bn into its infrastructure programme over the next three years is being seen as a boost to UK firms already established in the country.
650 _aCHINA
650 _aCONSTRUCTION MARKET
650 _aCONSULTANTS
650 _aFOREIGN INVESTMENT
650 _aInfrastructure
_96246
690 _aOVERSEAS-REST OF THE WORLD
942 _n0
948 _c17/03/1998
999 _c53423
_d53423